Cities of ATP tournaments won by Novak Djokovic (2012-2015) - Statistics

General Stats
  • This quiz has been taken 117 times
  • The average score is 10 of 12
Answer Stats
Year Answer % Correct
2013,2014,2015 Paris
100%
2012,2013,2014,2015 London
97%
2012,2013,2015 Melbourne
96%
2014,2015 Rome
96%
2012,2014,2015 Miami
89%
2013,2015 Monte-Carlo
89%
2015 New York
84%
2012,2013,2015 Shanghai
84%
2014,2015 Indian Wells
81%
2012 Toronto
80%
2013 Dubai
77%
2012,2013,2014,2015 Beijing
72%
No matching quizzes found
Score Distribution
Percent of People with Each Score
Percentile by Number Answered
Your Score History
You have not taken this quiz